000 00534nam a22001817a 4500
008 250211b |||||||| |||| 00| 0 eng d
020 _a9781904685456
040 _aKABU
_cKABU
050 _aHQ734
_b.V36 2000
100 _aVan Pelt, Nancy
245 _aHighly effective marriage /
_cNancy Van Pelt
260 _aUSA:
_bZondervan Bible Publishers,
_c2000
300 _a232p.
_b col. ill. ;
650 _aCommunication in marriage
650 _aMan-woman relationship
650 _aMarriage
_xPsychological aspect
942 _2lcc
_cBK
999 _c20648
_d20647